| 000 | 00368nam a2200145 a 4500 | ||
|---|---|---|---|
| 001 | 2023 | ||
| 003 | CDMR | ||
| 005 | 20130116135223.0 | ||
| 008 | 130130s2007||||||||||||||||||||||||||||d | ||
| 040 |
_aCDMR _bcat _cCPC LLEIDA |
||
| 100 | 1 |
_aLladonosa Pujol, Josep _91154 |
|
| 245 | 1 | 3 |
_aLa fi de Macot _cLLADONOSA PUJOL, Josep |
| 260 |
_aLleida _c2007 _bLa MaƱana |
||
| 942 | _cMON | ||
| 999 |
_c2023 _d2023 |
||